000 00807nam a2200277 i 4500
001 C2-0121737
003 PPAK
005 20220220152259.0
008 970819s1983 my |||| ||||| | may d
040 _aPPAK
_beng
_cPPAK
_erda
082 0 4 _a297
_223
090 0 0 _a297
_bRAH
_dKIH
090 2 0 _a297
_bRAH
_dKSA
090 2 0 _a297
_bRAH
_dKAO
100 1 _aRahmat Sri, Hok,
_cDr.
_eauthor
245 1 0 _aPENCEMARAN AKIDAH DI NUSANTARA /
_cOleh Dr. H.O.K. Rahmat SH
264 1 _aKuala Lumpur :
_bDewan Bahasa dan Pustaka ,
_c1983
300 _axiii, 193 pages ;
_c22 cm
336 _2rdacontent
_atext
337 _2rdamedia
_aunmediated
338 _2rdacarrier
_avolume
504 _aIncludes bibliography pages : 190-193
650 1 0 _aFaith (Islam)
650 2 0 _aIslam
_vDoctrines
942 _cB
_2ddc
999 _c34678
_d34678